000 00644nam a2200277Ia 4500
005 20260324144810.0
008 008 260324s9999 xx 000 0 eng d
020 _a9780203726129
037 _aEBOOK
040 _aCRL
040 _beng
040 _cCRL
041 _2eng
041 _aeng
084 _qCRL
100 _aErnest R. House
_91219457
245 0 _aNew Directions In Educational Evaluation
260 _bTaylor and Francis
260 _c1986
365 _a
365 _b205
856 _uhttp://www.taylorfrancis.com/books/9780203726129
942 _cEBOOK
999 _c1827716
_d1827716